| 000 | 01783nam a2200421 c 4500 | ||
|---|---|---|---|
| 999 |
_c112542 _d112542 |
||
| 003 | BLK | ||
| 005 | 20240823093807.0 | ||
| 008 | 180409b bul|||||r ||||||| ||bul|| | ||
| 010 | _aKNG00117913000 | ||
| 020 | _a954-535-194-2 | ||
| 040 | _aBLK | ||
| 041 |
_aBUL _cBUL |
||
| 080 |
_aВземане на решения. План. Спецификация _b005.53 _x(075.8) _z005.53(075.8) |
||
| 100 | 1 |
_aПенчев, Руслан _eпърви автор _9312570 |
|
| 139 |
_aПенчев, Руслан _bП 36 |
||
| 245 | 1 | 0 |
_aУправление на проекти _cРуслан Пенчев. |
| 257 | _aBGR | ||
| 260 |
_bНов бълг. унив. _c1998 |
||
| 300 |
_a203 с. _bс табл., сх., диагр. _c21 см |
||
| 380 | _a0 | ||
| 490 | 1 | _aИкономика | |
| 500 | _aИзб. на НБУ. Център за дистанционно обучение. Съдържа и Речник на основнити термини ; Конспект-въпросник по "Управление на проекти ; Примерен тест. - Офс. изд. - Библиогр. след отд. гл. | ||
| 504 | _aслед отд. гл. | ||
| 650 | 4 |
_aПроекти - управление и организация _9277666 |
|
| 650 | 4 |
_aУправление и организация - учебници за ВУЗ _9267261 |
|
| 653 | _aуправление | ||
| 653 | _aорганизация | ||
| 653 | _aпроекти | ||
| 653 | _aучебници за ВУЗ | ||
| 653 | _aуправленски решения | ||
| 852 | _aЦб 227512 | ||
| 856 | 4 | _qpdf | |
| 856 | 4 | _qpdf | |
| 942 |
_cKNG _n0 _04 _s1 |
||
| 944 |
_aCR _c12.05.2006 _k30542 _lРусанова Ирена |
||
| 944 |
_aED _c31.10.2008 |
||
| 999 | _d112542 | ||